000 00338nam a2200145Ia 4500
003 OSt
005 20240311112540.0
008 170524s9999 xx 000 0 und d
020 _a0070402671
040 _cIIMTU
100 _aDAVIS- GB
245 0 _aMANAGEMENT INFORMATION SYSTEMS
260 _bVRINDA PUBLICATION DELHI
942 _2ddc
_c02
999 _c8048
_d8048